|
|
|
|
| LEADER |
01404cam a2200385Ia 4500 |
| 001 |
9780203977859 |
| 003 |
FlBoTFG |
| 005 |
20110119191317.0 |
| 006 |
a|||||s||||||||||| |
| 007 |
cr|||| |
| 008 |
110119r19961973tnu s 001 0 eng d |
| 010 |
|
|
|a 96042172
|
| 020 |
|
|
|a 9780203977859 (e-book : PDF)
|
| 040 |
|
|
|a FlBoTFG
|c FlBoTFG
|d GrThAP
|
| 043 |
|
|
|a n-us-ny
|
| 090 |
|
|
|a TX715
|b .S886 1996
|
| 092 |
|
|
|a 641.5
|b S889
|
| 100 |
1 |
|
|a Stout, Rex,
|d 1886-1975.
|
| 245 |
1 |
4 |
|a The Nero Wolfe cookbook
|h [electronic resource] /
|c Rex Stout and the editors of Viking Press.
|
| 260 |
|
|
|a Nashville, Tenn. :
|b Cumberland House Pub.,
|c 1996.
|
| 300 |
|
|
|a xviii, 103 p. ;
|c [ca. 23-29] cm.
|
| 500 |
|
|
|a Includes index.
|
| 500 |
|
|
|a Originally published: New York. Viking Press, 1973.
|
| 530 |
|
|
|a Also available in print edition.
|
| 533 |
|
|
|a Electronic reproduction.
|b [Boca Raton, Fla. :
|b CRC Press,
|d 2010].
|n PDF file created from digital scan of print book.
|
| 650 |
|
0 |
|a Cookery
|z New York (State)
|z New York.
|
| 650 |
|
0 |
|a Wolfe, Nero (Fictitious character)
|
| 650 |
|
0 |
|a Private investigators in literature.
|
| 650 |
|
0 |
|a Gastronomy in literature.
|
| 650 |
|
0 |
|a Cookery in literature.
|
| 655 |
|
7 |
|a Electronic books.
|2 lcsh
|
| 710 |
2 |
|
|a Viking Press.
|
| 776 |
1 |
|
|z 9780415129312
|
| 776 |
1 |
|
|z 1888952245
|
| 856 |
4 |
0 |
|u http://www.tandfebooks.com/isbn/9780203977859
|z Full Text via HEAL-Link
|